Confronting child abuse : research for effective program design /

Bibliographic Details
Main Author: Daro, Deborah
Format: Book
Language:English
Published: New York : London : Free Press ; Collier Macmillan, [1988]
Subjects:

MARC

Tag First Indicator Second Indicator Subfields
LEADER 00000cam a2200000 a 4500
001 in00000014065
005 20151007052130.0
008 870915s1988 nyu b 00110 eng
010 |a  87027169  
020 |a 0029069319 
035 |a (OCoLC)16805317 
035 |9 AAA6415AM 
040 |a DLC  |c DLC  |d TXA  |d UtOrBLW 
043 |a n-us--- 
049 |a TXAM  |c [A12607475] 
050 0 0 |a HV741  |b .D36 1988 
082 0 |a 362.7/044  |2 19 
100 1 |a Daro, Deborah. 
245 1 0 |a Confronting child abuse :  |b research for effective program design /  |c Deborah Daro. 
264 1 |a New York :  |b Free Press ;  |a London :  |b Collier Macmillan,  |c [1988] 
264 4 |c ©1988 
300 |a xii, 356 pages ;  |c 25 cm. 
336 |a text  |b txt  |2 rdacontent 
337 |a unmediated  |b n  |2 rdamedia 
338 |a volume  |b nc  |2 rdacarrier 
504 |a Bibliography: pages 329-347. 
500 |a Includes index. 
650 0 |a Child abuse  |z United States. 
650 0 |a Child abuse  |z United States  |x Prevention. 
650 0 |a Abused children  |x Services for  |z United States. 
650 0 |a Child abuse  |x Law and legislation  |z United States. 
999 |a MARS 
999 f f |s 6f682ee9-e9e8-39a8-8de4-6402330b6a49  |i 9936c4d1-c33f-381a-9511-e4a827a558b2  |t 0 
952 f f |p ric  |a Texas A&M University  |b Rellis Campus  |c Joint Library Facility  |d Remote Storage  |t 0  |e HV741 .D36 1988  |h Library of Congress classification  |i unmediated -- volume  |m A14812607475 
998 f f |a HV741 .D36 1988  |t 0  |l Remote Storage